[Event "TCh-Moscow 2014"]
[Site "Moscow RUS"]
[Date "2014.09.27"]
[Round "1.2"]
[Board "1"]
[White "Deviatkin, Andrei"]
[Black "Iljiushenok, Ilia"]
[Result "1-0"]
[WhiteTitle "GM"]
[WhiteElo "2520"]
[BlackElo "2433"]
[WhiteTeam "Navigator"]
[BlackTeam "MSU"]
[WhiteFideId "4121260"]
[BlackFideId "24105074"]
[EventDate "2014.09.27"]

1. d4 d5 2. Nf3 Nf6 3. c3 g6 4. Bf4 Bg7 5. e3 O-O 6. Nbd2 Nbd7 7. h3 c5 8. Be2
b6 9. O-O Bb7 10. Ne5 Ne8 11. Nxd7 Qxd7 12. a4 f6 13. a5 e5 14. Bh2 Nc7 15. axb6
axb6 16. Qb3 b5 17. dxc5 Kh8 18. Qc2 Ne6 19. b4 f5 20. Rxa8 Bxa8 21. Nf3 f4 22.
exf4 exf4 23. Qd3 d4 24. cxd4 Bxf3 25. Bxf3 Nxd4 26. Re1 g5 27. Bg4 Qd5 28. Kh1
Rd8 29. h4 Bf6 30. hxg5 Qxg5 31. f3 Qh4 32. Qe4 Nc2 33. Rg1 Bd4 34. Rd1 Qf2 35.
Bxf4 1-0

[Event "TCh-Moscow 2014"]
[Site "Moscow RUS"]
[Date "2014.09.27"]
[Round "1.2"]
[Board "2"]
[White "Tokmachev, Mikhail"]
[Black "Babarykin, Stanislav"]
[Result "1/2-1/2"]
[WhiteTitle "FM"]
[BlackTitle "FM"]
[WhiteElo "2350"]
[BlackElo "2378"]
[WhiteTeam "MSU"]
[BlackTeam "Navigator"]
[WhiteFideId "4127650"]
[BlackFideId "4101898"]
[EventDate "2014.09.27"]

1. d4 d5 2. c4 e6 3. Nc3 Be7 4. Nf3 Nf6 5. Bg5 c6 6. e3 Nbd7 7. a3 O-O 8. Qc2 h6
9. Bh4 a6 10. cxd5 cxd5 11. Bd3 b5 12. O-O Bb7 13. h3 Rc8 14. Nd2 Nb6 15. b4 Na4
16. Ndb1 Ne4 17. Bxe7 Qxe7 18. Bxe4 dxe4 19. Qb3 Nb6 20. Nd2 e5 1/2-1/2

[Event "TCh-Moscow 2014"]
[Site "Moscow RUS"]
[Date "2014.09.27"]
[Round "1.2"]
[Board "3"]
[White "Lomasov, Semen"]
[Black "Myshakov, Fyodor"]
[Result "1/2-1/2"]
[BlackTitle "FM"]
[WhiteElo "2259"]
[BlackElo "2306"]
[WhiteTeam "Navigator"]
[BlackTeam "MSU"]
[WhiteFideId "24164879"]
[BlackFideId "14111284"]
[EventDate "2014.09.27"]

1. e4 c6 2. Nf3 d5 3. Nc3 Bg4 4. h3 Bxf3 5. Qxf3 e6 6. d3 Nd7 7. a3 Ngf6 8. g4
h6 9. Bd2 Bd6 10. O-O-O Qc7 11. exd5 Nxd5 12. d4 Bf4 13. Nxd5 Bxd2+ 14. Rxd2
cxd5 15. Bb5 a6 16. Bxd7+ Qxd7 17. Qe3 O-O-O 18. Rd3 Qd6 19. f4 g6 20. Qe5 h5
21. g5 Rhe8 22. h4 Re7 23. Rhh3 Rc7 24. Rc3 b6 25. Rxc7+ Kxc7 26. Rc3+ Kb7 27.
Kd2 1/2-1/2

[Event "TCh-Moscow 2014"]
[Site "Moscow RUS"]
[Date "2014.09.27"]
[Round "1.2"]
[Board "4"]
[White "Miroshnichenko, Pavel"]
[Black "Mesropov, Konstantin"]
[Result "1/2-1/2"]
[BlackTitle "IM"]
[WhiteElo "2270"]
[BlackElo "2431"]
[WhiteTeam "MSU"]
[BlackTeam "Navigator"]
[WhiteFideId "4188659"]
[BlackFideId "4116887"]
[EventDate "2014.09.27"]

1. e4 e6 2. d4 d5 3. Nd2 Nc6 4. Ngf3 Nf6 5. e5 Nd7 6. Be2 f6 7. exf6 Qxf6 8. Nf1
Bd6 9. Ne3 O-O 10. O-O Qg6 11. c4 Nf6 12. a3 a5 13. c5 Be7 14. Bb5 Bd7 15. Bxc6
Bxc6 16. Ne5 Qe8 17. N3g4 Bb5 18. Re1 b6 19. a4 Ba6 20. Nxf6+ Bxf6 21. cxb6 cxb6
22. Bf4 b5 23. axb5 Qxb5 24. Qg4 Rae8 25. Qg3 Qxb2 26. Rxa5 Bc4 27. Be3 Bxe5 28.
Qxe5 Qb8 1/2-1/2

[Event "TCh-Moscow 2014"]
[Site "Moscow RUS"]
[Date "2014.09.27"]
[Round "1.2"]
[Board "5"]
[White "Pipnikov, Nikolay"]
[Black "Krylov, Ivan"]
[Result "1-0"]
[BlackTitle "FM"]
[WhiteElo "2321"]
[BlackElo "2239"]
[WhiteTeam "Navigator"]
[BlackTeam "MSU"]
[WhiteFideId "4184670"]
[BlackFideId "24128066"]
[EventDate "2014.09.27"]

1. d4 Nf6 2. Nf3 g6 3. c4 Bg7 4. Nc3 O-O 5. e4 d6 6. h3 Qe8 7. Be2 e5 8. d5 Nh5
9. g3 f5 10. exf5 gxf5 11. Nh4 Nf6 12. f4 exf4 13. Bxf4 Ne4 14. O-O Bxc3 15. Bh5
Qe7 16. bxc3 Qg7 17. Qd4 Nxc3 18. Qxg7+ Kxg7 19. Rae1 Ne4 20. g4 Na6 21. gxf5
Nac5 22. Kh2 Bxf5 23. Nxf5+ Rxf5 24. Bh6+ Kxh6 25. Rxf5 Rg8 26. Bf3 Nd2 27. Rh5+
Kg7 28. Bg2 Nxc4 29. Re7+ Kf6 30. Rhxh7 Ne5 31. Rxc7 Rg6 32. Rc8 Ned3 33. Rf8+
Ke5 34. Rh5+ Kd4 35. Rh4+ Kc3 36. Rg4 Rh6 37. h4 b5 38. Kg3 a5 39. Rg7 Ne5 40.
Kh3 b4 41. Rg3+ Ned3 42. Rff3 Kd2 43. Bf1 Ne5 44. Rf2+ Ke1 45. Rf5 a4 46. Bb5
Rg6 47. Rxe5+ dxe5 48. Rxg6 e4 49. h5 b3 50. Bxa4 b2 51. Bc2 e3 52. h6 e2 53. h7
Kf1 54. Kh2 1-0

[Event "TCh-Moscow 2014"]
[Site "Moscow RUS"]
[Date "2014.09.27"]
[Round "1.2"]
[Board "6"]
[White "Zimin, Alexey"]
[Black "Golynsky, Yuri"]
[Result "1-0"]
[WhiteElo "2244"]
[BlackElo "2115"]
[WhiteTeam "MSU"]
[BlackTeam "Navigator"]
[WhiteFideId "4168925"]
[BlackFideId "4101952"]
[EventDate "2014.09.27"]

1. e4 c6 2. d4 d5 3. f3 dxe4 4. fxe4 e5 5. Nf3 exd4 6. Bc4 Be7 7. O-O Nf6 8. Ng5
O-O 9. Nxf7 Rxf7 10. Bxf7+ Kxf7 11. e5 Kg8 12. exf6 Bxf6 13. Qe2 Nd7 14. Nd2 Ne5
15. Ne4 Be7 16. Qh5 Ng6 17. Ng5 Bxg5 18. Qxg5 Qb6 19. h4 Bd7 20. h5 Nf8 21. Qe7
Re8 22. Qf7+ 1-0

[Event "TCh-Moscow 2014"]
[Site "Moscow RUS"]
[Date "2014.09.27"]
[Round "1.3"]
[Board "1"]
[White "Borisenko, Andrei"]
[Black "Popov, Ivan RUS"]
[Result "0-1"]
[WhiteTitle "IM"]
[BlackTitle "GM"]
[WhiteElo "2413"]
[BlackElo "2627"]
[WhiteTeam "Team Andrei Kalinicheva"]
[BlackTeam "Palace"]
[WhiteFideId "4120930"]
[BlackFideId "4170350"]
[EventDate "2014.09.27"]

1. d4 Nf6 2. Nc3 d5 3. Bg5 c6 4. Bxf6 gxf6 5. e3 h5 6. h4 Qb6 7. a3 Bg4 8. Be2
Qxb2 9. Na4 Bxe2 10. Nxe2 Qb5 11. Nc5 e6 12. Nd3 Qa5+ 13. c3 Nd7 14. O-O O-O-O
15. Qb3 Nb6 16. a4 Nc4 17. Rfb1 Qc7 18. Ra2 a5 19. Qd1 Rg8 20. Nb2 Nd6 21. Kf1
e5 22. Qc2 Qd7 23. c4 Ne4 24. f3 Qf5 25. Nd3 Bb4 26. Qd1 dxc4 27. Nxb4 axb4 28.
Qc2 Nd2+ 29. Qxd2 Qxb1+ 0-1

[Event "TCh-Moscow 2014"]
[Site "Moscow RUS"]
[Date "2014.09.27"]
[Round "1.3"]
[Board "2"]
[White "Rychagov, Andrey"]
[Black "Yaksin, Oleg"]
[Result "1/2-1/2"]
[WhiteTitle "GM"]
[WhiteElo "2559"]
[BlackElo "2388"]
[WhiteTeam "Palace"]
[BlackTeam "Team Andrei Kalinicheva"]
[WhiteFideId "4119932"]
[BlackFideId "24105880"]
[EventDate "2014.09.27"]

1. d4 Nf6 2. c4 e6 3. Nc3 Bb4 4. Qc2 O-O 5. a3 Bxc3+ 6. Qxc3 d6 7. Nf3 Nbd7 8.
g3 b6 9. Bg2 Bb7 10. O-O Qe7 11. Rd1 Rfd8 12. b4 Rac8 13. a4 c5 14. Ba3 cxd4 15.
Qxd4 d5 16. cxd5 Bxd5 17. Qb2 Qe8 18. Rac1 h6 19. b5 Rxc1 20. Rxc1 Rc8 21. Nd2
Bxg2 22. Kxg2 a6 23. Nc4 Rc7 24. Bd6 Qa8+ 25. Kg1 Rc8 26. Ne5 Rxc1+ 27. Qxc1
Nxe5 28. Bxe5 axb5 29. axb5 Qe4 30. Qb2 Qd5 31. Bd4 Ne8 32. Bxb6 Nd6 33. Bd4 Nc4
34. Qa1 1/2-1/2

[Event "TCh-Moscow 2014"]
[Site "Moscow RUS"]
[Date "2014.09.27"]
[Round "1.3"]
[Board "4"]
[White "Gavrilov, Alexei1"]
[Black "Volkov, Sergei"]
[Result "0-1"]
[WhiteTitle "GM"]
[BlackTitle "FM"]
[WhiteElo "2489"]
[BlackElo "2294"]
[WhiteTeam "Palace"]
[BlackTeam "Team Andrei Kalinicheva"]
[WhiteFideId "4104358"]
[BlackFideId "4176588"]
[EventDate "2014.09.27"]

1. d4 Nf6 2. c4 e5 3. dxe5 Ng4 4. Bf4 Bb4+ 5. Nd2 Nc6 6. Nf3 Qe7 7. e3 Ngxe5 8.
Nxe5 Nxe5 9. Be2 d6 10. O-O Bd7 11. a3 Bxd2 12. Qxd2 Ng6 13. Bg3 h5 14. h3 h4
15. Bh2 Bc6 16. b4 b6 17. c5 dxc5 18. bxc5 O-O 19. Qc3 b5 20. Rfd1 Rfd8 21. Rac1
Nf8 22. Qe5 Ne6 23. Bg4 Rxd1+ 24. Rxd1 Rd8 25. Kf1 Rxd1+ 26. Bxd1 Qd8 27. Be2
Qd2 28. f3 Qc1+ 29. Kf2 Qxa3 30. Qh5 Qxc5 31. Qxh4 a5 32. Bd3 Qc3 33. Qh7+ Kf8
34. Bg3 Ke7 35. Bh4+ g5 36. Bg3 a4 37. h4 a3 38. hxg5 a2 39. g6 Qb2+ 40. Be2 Be8
41. Bh4+ Kd6 42. gxf7 Bxf7 43. Qxf7 a1=Q 44. Bg3+ Kc5 45. Qxe6 Qaa2 46. Qe7+ Kb6
47. Qxc7+ Ka6 48. Qc6+ Ka7 49. Qc7+ Ka6 50. Qc8+ Ka5 51. Bc7+ Kb4 52. Bd6+ Kb3
53. Qg8+ Kc2 54. Qh7+ Kb3 55. Qd3+ Ka4 56. Qd1+ Qab3 57. Qh1 Qd3 58. Qe1 Qxd6
59. Kf1 Qdd2 60. Qh4+ b4 61. Qc4 Qbc1+ 0-1

[Event "TCh-Moscow 2014"]
[Site "Moscow RUS"]
[Date "2014.09.27"]
[Round "1.3"]
[Board "5"]
[White "Kubatko, Ivan"]
[Black "Krapivin, Alexander"]
[Result "0-1"]
[BlackTitle "GM"]
[WhiteElo "2185"]
[BlackElo "2442"]
[WhiteTeam "Team Andrei Kalinicheva"]
[BlackTeam "Palace"]
[WhiteFideId "24111473"]
[BlackFideId "4154720"]
[EventDate "2014.09.27"]

1. e4 c5 2. c3 b6 3. d4 Bb7 4. Bd3 Nf6 5. Nd2 cxd4 6. cxd4 e6 7. Ngf3 Ba6 8. Qe2
Bxd3 9. Qxd3 Nc6 10. a3 d5 11. e5 Nd7 12. O-O Be7 13. b4 O-O 14. Bb2 a6 15. Rfc1
Ncb8 16. b5 axb5 17. Qxb5 Re8 18. Nb3 Nf8 19. a4 Nbd7 20. Rc6 Qb8 21. Ba3 Bxa3
22. Rxa3 Ra7 23. g3 Qa8 24. Kg2 Rb8 25. Ne1 h6 26. Nd3 Rc8 27. Rxc8 Qxc8 28. Nd2
Qc2 29. Qb4 Rc7 30. Ne1 Qd1 31. Ndf3 Rc4 32. Qb5 g5 33. h3 h5 34. Nd3 g4 35.
hxg4 hxg4 36. Nb2 gxf3+ 37. Rxf3 Qxd4 38. Rf4 Qc5 39. Nxc4 Qxb5 40. axb5 dxc4
41. Re4 c3 42. f4 f6 43. Rc4 fxe5 44. fxe5 Nxe5 45. Rxc3 Kf7 46. Rc7+ Kf6 47.
Kh3 Nfg6 48. Rb7 Nc4 49. Kg4 Ne3+ 50. Kf3 Nd5 51. Rb8 Ne5+ 52. Kg2 Nc4 53. Kh3
Nd6 54. g4 Nxb5 55. Kh4 Kg6 56. Rg8+ Kf7 57. Rb8 Nd6 58. Kh5 Kg7 59. g5 b5 60.
Rd8 Nf5 61. Rd7+ Nfe7 62. Rb7 b4 63. Rb8 Nf4+ 64. Kg4 Ned5 65. Rb7+ Kg6 66. Rb8
Nd3 67. Rg8+ Kh7 68. Rb8 Kg7 69. Kh5 Nc5 70. Rb5 Nf4+ 71. Kg4 Nfd3 72. Kh5 b3
73. Rb8 0-1

[Event "TCh-Moscow 2014"]
[Site "Moscow RUS"]
[Date "2014.09.27"]
[Round "1.3"]
[Board "6"]
[White "Granovskiy, Alexandr"]
[Black "Kalinin, Nikita"]
[Result "1/2-1/2"]
[WhiteTitle "IM"]
[WhiteElo "2288"]
[BlackElo "2149"]
[WhiteTeam "Palace"]
[BlackTeam "Team Andrei Kalinicheva"]
[WhiteFideId "13700243"]
[BlackFideId "24155390"]
[EventDate "2014.09.27"]

1. d4 f5 2. Bg5 g6 3. Nd2 Bg7 4. e4 fxe4 5. Nxe4 Nf6 6. Bd3 O-O 7. Nxf6+ exf6 8.
Be3 d5 9. c3 Nc6 10. Ne2 Ne7 11. Ng3 Be6 12. Qd2 Qd7 13. Bh6 Bf5 14. Bxg7 Kxg7
15. Nxf5+ Nxf5 16. O-O-O Rae8 17. h4 h5 18. Qc2 Ne7 19. Rde1 f5 20. Re5 Nc6 21.
Bb5 Rxe5 22. dxe5 f4 23. Qa4 a6 24. Bxc6 Qxc6 25. Qb4 b6 26. Rd1 Qe6 27. Qd4 Rf5
28. Qxd5 Qxe5 29. Qd8 Rf7 30. Qd4 Qxd4 31. Rxd4 f3 32. g3 Re7 33. Kd1 g5 34.
hxg5 Kg6 35. Rd3 Re2 36. Rd2 Re7 37. Rd3 Re2 38. Rd2 Re7 1/2-1/2

[Event "TCh-Moscow 2014"]
[Site "Moscow RUS"]
[Date "2014.09.27"]
[Round "1.4"]
[Board "1"]
[White "Sychev, Klementy"]
[Black "Belous, Vladimir"]
[Result "1/2-1/2"]
[BlackTitle "GM"]
[WhiteElo "2407"]
[BlackElo "2584"]
[WhiteTeam "Academy GMs I & V Glek"]
[BlackTeam "School Chess School Anatoly Karpov"]
[WhiteFideId "4114060"]
[BlackFideId "4174003"]
[EventDate "2014.09.27"]

1. d4 d6 2. Nf3 Nf6 3. c4 g6 4. Nc3 Bg7 5. e4 O-O 6. Be2 Na6 7. O-O e5 8. Be3
Ng4 9. Bg5 Qe8 10. h3 h6 11. Bh4 Nf6 12. Bxf6 Bxf6 13. c5 Bg7 14. Bxa6 bxa6 15.
dxe5 dxe5 16. Nd5 Qd8 17. Qa4 Rb8 18. b3 f5 19. Rad1 fxe4 20. Qxe4 Bf5 21. Qc4
Kh7 22. Qxa6 Bc2 23. Rd2 e4 24. Nb4 Bd3 25. Rxd3 exd3 26. Nc6 Qd5 27. Nxb8 Rxb8
28. Rd1 Qxc5 29. Qxd3 a5 30. Re1 Rb6 31. Re4 Rd6 32. Qe2 Rd7 33. Rc4 Qf5 34. Qc2
Qf6 35. Rc6 Rd1+ 36. Qxd1 Qxc6 37. a4 Qe4 38. Qf1 c5 39. Qc4 Bd4 40. Qf7+ Kh8
41. g3 g5 42. Kg2 Bg7 43. Qc4 Bd4 44. Qa6 Kh7 45. Qxa5 h5 46. Qc7+ Kg6 47. Qd6+
Bf6 48. Qxc5 g4 49. hxg4 hxg4 50. Qe3 gxf3+ 51. Qxf3 Qd4 52. a5 Be7 53. Kh3 Qh8+
54. Kg2 Qd4 55. a6 Bc5 56. b4 Bb6 57. b5 Bc5 58. Qc6+ Kf5 59. Qf3+ Kg6 60. Kh3
Qh8+ 61. Kg2 Qd4 1/2-1/2

[Event "TCh-Moscow 2014"]
[Site "Moscow RUS"]
[Date "2014.09.27"]
[Round "1.4"]
[Board "2"]
[White "Dvalishvili, Pavel S."]
[Black "Glek, Igor"]
[Result "1/2-1/2"]
[WhiteTitle "IM"]
[BlackTitle "GM"]
[WhiteElo "2439"]
[BlackElo "2434"]
[WhiteTeam "School Chess School Anatoly Karpov"]
[BlackTeam "Academy GMs I & V Glek"]
[WhiteFideId "4121996"]
[BlackFideId "4100484"]
[EventDate "2014.09.27"]

1. e4 c5 2. Nf3 e6 3. b3 a6 4. Bb2 Nc6 5. d4 cxd4 6. Nxd4 Nge7 7. Nd2 Nxd4 8.
Bxd4 Nc6 9. Bb2 b5 10. a4 Rb8 11. axb5 axb5 12. Qg4 h5 13. Qf4 d6 14. Bd3 Be7
15. Rd1 Qb6 16. Qg3 Rg8 17. Qf3 g6 18. Qe2 e5 19. Nb1 Bg4 20. f3 Be6 21. Na3 b4
22. Nc4 Qc5 23. Qe3 Qxe3+ 24. Nxe3 Bg5 25. Kf2 Kd7 26. Be2 f5 27. Nc4 Bxc4 28.
Bxc4 Rgf8 29. Rhe1 Kc7 30. Bd3 Bd8 31. Bc1 Kd7 32. f4 g5 33. exf5 gxf4 34. g3
Nd4 35. Bb2 fxg3+ 36. hxg3 Nxf5 37. Kg2 Bb6 38. Bxf5+ Rxf5 39. Bxe5 Rf2+ 40. Kh3
Bc5 41. Bf4 Rxc2 42. Rd5 h4 43. Red1 hxg3 44. Bxd6 Rh8+ 45. Kxg3 Rc3+ 46. Kg4
Rg8+ 47. Kf4 Kc6 48. Bxc5 Rxc5 49. Rxc5+ Kxc5 50. Rc1+ Kb5 51. Ke4 Rg2 52. Rc8
Rb2 53. Rb8+ Kc5 54. Rc8+ Kb5 55. Rb8+ 1/2-1/2

[Event "TCh-Moscow 2014"]
[Site "Moscow RUS"]
[Date "2014.09.27"]
[Round "1.4"]
[Board "3"]
[White "Golubev, Roman"]
[Black "Arslanov, Shamil"]
[Result "0-1"]
[BlackTitle "IM"]
[WhiteElo "2324"]
[BlackElo "2407"]
[WhiteTeam "Academy GMs I & V Glek"]
[BlackTeam "School Chess School Anatoly Karpov"]
[WhiteFideId "14202344"]
[BlackFideId "4192826"]
[EventDate "2014.09.27"]

1. e4 e6 2. d4 d5 3. Nc3 Bb4 4. e5 c5 5. a3 Bxc3+ 6. bxc3 Ne7 7. Nf3 b6 8. Bb5+
Bd7 9. Bd3 Ba4 10. h4 h6 11. g3 Nbc6 12. h5 c4 13. Bf1 Kd7 14. Bh3 Qg8 15. O-O
g6 16. Nh2 gxh5 17. Qxh5 Bxc2 18. Ng4 Qg6 19. Qxg6 Bxg6 20. Bg2 h5 21. Nf6+ Kc7
22. Bg5 b5 23. Bf3 a5 24. Rfd1 Nf5 25. Bxd5 exd5 26. Nxd5+ Kb7 27. Bf6 Rhe8 28.
Nf4 b4 29. e6 Rxe6 30. Nxe6 fxe6 31. axb4 Rf8 32. b5 Nb8 33. Be5 Nd7 34. Rxa5
Ra8 35. Rxa8 Kxa8 36. Bc7 Kb7 37. Bd8 Nd6 38. b6 Nb5 39. Kg2 Kc8 40. Bc7 Nf6 41.
f3 Nd5 42. Ra1 Kb7 43. Kf2 Ndxc3 44. Rc1 Bd3 45. Be5 Nd5 46. g4 hxg4 47. fxg4 c3
48. g5 c2 49. Ke1 Bg6 50. Kd2 Na3 51. Ra1 Nc4+ 52. Ke2 Nc3+ 53. Ke1 Nxe5 0-1

[Event "TCh-Moscow 2014"]
[Site "Moscow RUS"]
[Date "2014.09.27"]
[Round "1.4"]
[Board "4"]
[White "Savitskiy, Sergey"]
[Black "Alikulov, Elbek"]
[Result "0-1"]
[WhiteTitle "FM"]
[BlackTitle "FM"]
[WhiteElo "2347"]
[BlackElo "2232"]
[WhiteTeam "School Chess School Anatoly Karpov"]
[BlackTeam "Academy GMs I & V Glek"]
[WhiteFideId "24105660"]
[BlackFideId "14203308"]
[EventDate "2014.09.27"]

1. e4 c5 2. Nf3 d6 3. d4 cxd4 4. Qxd4 Nc6 5. Bb5 Bd7 6. Bxc6 Bxc6 7. Nc3 e5 8.
Qd3 Rc8 9. O-O h6 10. Nd2 Nf6 11. Nc4 b5 12. Ne3 Qd7 13. Ncd5 Bxd5 14. exd5 Nh5
15. a4 b4 16. Qb5 Be7 17. Qxb4 f5 18. Qb5 f4 19. Nf5 Rc5 20. Qd3 O-O 21. Nxe7+
Qxe7 22. c4 f3 23. Re1 Qd7 24. Re4 Nf6 25. Rh4 e4 26. Qf1 Rc7 27. b3 Rb7 28. Ra3
Ng4 29. g3 g5 30. Rxg4 Qxg4 31. h3 Qc8 32. Kh2 Qc5 33. Qe1 Rfb8 34. Ra2 Qd4 35.
Rd2 Qe5 36. Bb2 Qf5 37. Ba3 Rxb3 38. Bxd6 e3 39. Bxb8 exd2 40. Qe8+ Kh7 41. Qe7+
Kg6 42. Qe8+ Qf7 43. Qe4+ Kg7 44. Be5+ Kg8 45. Qd4 Rb1 46. Qxd2 Qf5 0-1

[Event "TCh-Moscow 2014"]
[Site "Moscow RUS"]
[Date "2014.09.27"]
[Round "1.4"]
[Board "5"]
[White "Vdovin, Vadim"]
[Black "Gurevich, Daniel"]
[Result "0-1"]
[BlackTitle "FM"]
[WhiteElo "2314"]
[BlackElo "2314"]
[WhiteTeam "Academy GMs I & V Glek"]
[BlackTeam "School Chess School Anatoly Karpov"]
[WhiteFideId "24107158"]
[BlackFideId "2044676"]
[EventDate "2014.09.27"]

1. e4 c5 2. Nf3 Nc6 3. d4 cxd4 4. Nxd4 g6 5. Nc3 Bg7 6. Be3 Nf6 7. Nxc6 bxc6 8.
e5 Ng8 9. Bd4 c5 10. Bxc5 Qc7 11. Ba3 Qxe5+ 12. Be2 Qa5 13. O-O Bxc3 14. bxc3
Bb7 15. Bb4 Qd5 16. Qxd5 Bxd5 17. Rfe1 Nf6 18. Ba6 e6 19. a4 Bc6 20. c4 Rg8 21.
a5 g5 22. Rab1 g4 23. Bb5 a6 24. Bxc6 dxc6 25. Bd6 Nd7 26. Rb7 Rg5 27. Rd1 Rxa5
28. Rxd7 Kxd7 29. Bb4+ Rd5 30. cxd5 cxd5 31. Ra1 Rb8 32. c3 Rb6 33. Kf1 e5 34.
Ke2 f5 35. Ra5 Ke6 36. Kd3 f4 37. Rc5 h5 38. Rc8 a5 39. Bxa5 Rb2 40. Rc6+ Kd7
41. Rh6 Rxf2 42. Rxh5 Kd6 43. Rh6+ Kd7 44. Rh7+ Ke6 45. Bc7 e4+ 46. Kd4 Rd2+ 47.
Kc5 f3 48. gxf3 gxf3 49. Rh8 f2 50. Rf8 d4 51. Bg3 dxc3 52. Rxf2 c2 53. Rxd2
c1=Q+ 54. Kd4 Qxd2+ 55. Kxe4 Qd5+ 56. Kf4 Qd4+ 57. Kg5 Qe4 58. Kh5 Kf5 0-1

[Event "TCh-Moscow 2014"]
[Site "Moscow RUS"]
[Date "2014.09.27"]
[Round "1.4"]
[Board "6"]
[White "Eryshkanova, Anastasiya"]
[Black "Kazakovskiy, Valeriy"]
[Result "0-1"]
[WhiteTitle "WFM"]
[WhiteElo "2122"]
[BlackElo "2204"]
[WhiteTeam "School Chess School Anatoly Karpov"]
[BlackTeam "Academy GMs I & V Glek"]
[WhiteFideId "24119059"]
[BlackFideId "13507443"]
[EventDate "2014.09.27"]

1. e4 e5 2. Nf3 Nc6 3. d4 exd4 4. Nxd4 Bc5 5. Be3 Qf6 6. c3 Nge7 7. g3 d5 8. Bg2
dxe4 9. Nd2 Bxd4 10. cxd4 Bf5 11. Nxe4 Bxe4 12. Bxe4 O-O 13. O-O Rad8 14. Qh5 g6
15. Qb5 Qe6 16. Bg2 Nd5 17. Rfe1 Nxe3 18. Rxe3 Nxd4 19. Rxe6 Nxb5 20. Re7 Rd2
21. a4 Nd6 22. Rxc7 Re8 23. Bxb7 Rb8 24. Bf3 Rbxb2 25. Rf1 Rb3 26. Kg2 Nf5 27.
Bd1 Ne3+ 0-1

[Event "TCh-Moscow 2014"]
[Site "Moscow RUS"]
[Date "2014.09.28"]
[Round "2.2"]
[White "Popov, Ivan RUS"]
[Black "Sychev, Klementy"]
[Result "0-1"]
[WhiteTitle "GM"]
[WhiteElo "2627"]
[BlackElo "2407"]
[WhiteTeam "Palace"]
[BlackTeam "Academy GMs I & V Glek"]
[WhiteFideId "4170350"]
[BlackFideId "4114060"]
[EventDate "2014.09.27"]

1. e4 c5 2. Nf3 d6 3. d4 cxd4 4. Nxd4 Nf6 5. Nc3 a6 6. Be3 e5 7. Nb3 Be6 8. f3
h5 9. Qd2 Nbd7 10. Be2 Rc8 11. Nd5 Bxd5 12. exd5 Nb6 13. c4 Nxc4 14. Bxc4 Rxc4
15. Na5 Rc8 16. Nxb7 Qc7 17. Na5 Qc2 18. O-O Qxd2 19. Bxd2 Nxd5 20. Rfc1 Ra8 21.
Rc6 Kd7 22. Rd1 Be7 23. Be1 Nf4 24. Rc2 Rac8 25. Nc4 Ke6 26. g3 Ng6 27. f4 f5
28. Bf2 d5 29. Ne3 d4 30. Nc4 Rhd8 31. fxe5 d3 32. Rcc1 Nxe5 33. Nxe5 Rxc1 34.
Rxc1 d2 35. Rd1 Kxe5 36. Be3 Ke4 37. Kf2 Bf6 38. b3 Bc3 39. Ke2 h4 40. a4 0-1

[Event "TCh-Moscow 2014"]
[Site "Moscow RUS"]
[Date "2014.09.28"]
[Round "2.2"]
[White "Glek, Igor"]
[Black "Rychagov, Andrey"]
[Result "1/2-1/2"]
[WhiteTitle "GM"]
[BlackTitle "GM"]
[WhiteElo "2434"]
[BlackElo "2559"]
[WhiteTeam "Academy GMs I & V Glek"]
[BlackTeam "Palace"]
[WhiteFideId "4100484"]
[BlackFideId "4119932"]
[EventDate "2014.09.27"]

1. e4 e6 2. f4 d5 3. e5 c5 4. Nf3 Nh6 5. c3 Be7 6. d4 Qb6 7. Na3 Bd7 8. Nc2 Bb5
9. Bxb5+ Qxb5 10. a4 Qd7 11. dxc5 Bxc5 12. Be3 Be7 13. Nfd4 O-O 14. O-O f6 15.
exf6 Bxf6 16. Nf3 1/2-1/2

[Event "TCh-Moscow 2014"]
[Site "Moscow RUS"]
[Date "2014.09.28"]
[Round "2.2"]
[White "Novikov, Stanislav"]
[Black "Golubev, Roman"]
[Result "1-0"]
[WhiteTitle "GM"]
[WhiteElo "2559"]
[BlackElo "2324"]
[WhiteTeam "Palace"]
[BlackTeam "Academy GMs I & V Glek"]
[WhiteFideId "4125371"]
[BlackFideId "14202344"]
[EventDate "2014.09.27"]

1. e4 e5 2. Nf3 Nc6 3. Bb5 a6 4. Bxc6 dxc6 5. O-O Bg4 6. h3 h5 7. d3 Qf6 8. Be3
Bxf3 9. Qxf3 Qxf3 10. gxf3 Ne7 11. f4 exf4 12. Bxf4 O-O-O 13. Nd2 g5 14. Be5 Rg8
15. Bf6 Re8 16. Bxe7 Bxe7 17. Kg2 Bd6 18. Nc4 Bf4 19. Ne3 Bxe3 20. fxe3 Rg7 21.
Rf5 Kd7 22. Raf1 Ke7 23. Rf6 Rh8 24. Kg3 Rhh7 25. R1f5 Rg8 26. b4 Rgg7 27. a4
Rg8 28. d4 Re8 29. c4 Ra8 30. a5 Rg8 31. e5 Rgg7 32. e4 Rg8 33. d5 g4 34. h4
cxd5 35. exd5 Rd8 36. Rg5 Re8 37. Kf4 Rd8 38. Ke4 Rf8 39. b5 axb5 40. cxb5 Ra8
41. b6 cxb6 42. Rxb6 Ra7 43. Rg8 Kd7 44. Kf5 Kc7 45. d6+ Kd7 46. e6+ fxe6+ 47.
Kg6 1-0

[Event "TCh-Moscow 2014"]
[Site "Moscow RUS"]
[Date "2014.09.28"]
[Round "2.2"]
[White "Krapivin, Alexander"]
[Black "Vdovin, Vadim"]
[Result "1-0"]
[WhiteTitle "GM"]
[WhiteElo "2442"]
[BlackElo "2314"]
[WhiteTeam "Palace"]
[BlackTeam "Academy GMs I & V Glek"]
[WhiteFideId "4154720"]
[BlackFideId "24107158"]
[EventDate "2014.09.27"]

1. e4 e5 2. Nf3 Nc6 3. Nc3 g6 4. d4 exd4 5. Nxd4 Bg7 6. Be3 Nf6 7. Nxc6 bxc6 8.
Qd2 O-O 9. Be2 Re8 10. Bf3 Bb7 11. O-O d6 12. Rfe1 Qc8 13. Bh6 Bxh6 14. Qxh6 Re5
15. Bd1 Qf8 16. Qxf8+ Rxf8 17. f3 g5 18. Be2 h5 19. Rad1 Rfe8 20. Rd4 d5 21. Rb4
Ba8 22. Ra4 c5 23. Rxa7 dxe4 24. Bb5 Rd8 25. fxe4 Bxe4 26. Bc6 Bxg2 27. Rxe5
Bxc6 28. Rxc7 Rd6 29. Rxc5 Bf3 30. Rxg5+ Kf8 31. Rc8+ Ke7 32. Re5+ Kd7 33. Rf8
Kc6 34. Rxf7 Nd7 35. Ra5 1-0